[Event "Iona Tech Masters"]
[Site "Kilkenny"]
[Date "1997.11.28"]
[Round "5"]
[White "Clarke, Thomas"]
[Black "Fox, Anthony"]
[Result "1-0"]
[WhiteElo "2210"]
[BlackElo "2130"]

1.d4 d5 2.Bg5 Nf6 3.Bxf6 gxf6 4.e3 c5 5.Nc3 e6 6.Qh5 Nc6 7.O-O-O Bd7 8.f4 cxd4
9.exd4 Qc7 10.g3 f5 11.Nf3 Be7 12.Ng5 Bxg5 13.Qxg5 a6 14.Re1 Qd6 15.Bg2 Ne7
16.Bf3 O-O-O 17.Qf6 Rdf8 18.Re5 Bc6 19.Rhe1 Rhg8 20.Bh5 Ng6 21.Rxf5 Kc7 22.Rg5 Bd7
23.Bf3 Bc6 24.f5 Ne7 25.Rxg8 Nxg8 26.Qg7 exf5 27.Qxh7  1-0

[Event "Rishon Le Ziyyon 9798"]
[Site "Rishon Le Ziyyon"]
[Date "1997.12.25"]
[Round "1"]
[White "Vovsha, Eli"]
[Black "Palatnik, Semon"]
[Result "0-1"]
[WhiteElo "2240"]
[BlackElo "2500"]

1.d4 Nf6 2.Bg5 c5 3.Bxf6 gxf6 4.c3 Qb6 5.Qd2 d5 6.e3 Bf5 7.Nf3 Nc6 8.dxc5 Qxc5
9.Bd3 Bxd3 10.Qxd3 Ne5 11.Nxe5 fxe5 12.O-O e6 13.Nd2 Bg7 14.c4 O-O 15.Rac1 Rac8
16.Qb1 Qb4 17.Rc2 dxc4 18.a3 Qa4 19.Rfc1 b5 20.b3 Qxa3 21.bxc4 bxc4 22.Rxc4 Rxc4
23.Rxc4 Rd8 24.Ne4 Qa2 25.Qc1 Qxc4 26.Qxc4 Rd1+ 27.Qf1 Rxf1+ 28.Kxf1 Kf8
29.Ke2 Ke7 30.Kd3 f5 31.Nc5 e4+ 32.Kc4 Be5 33.h3 Bh2 34.Kd4 Bg1 35.Ke5 Bxf2
36.Nxe6 Bxe3 37.Kxf5 Bb6 38.Nf4 e3  0-1

[Event "Raiffeisen op-A 6th"]
[Site "Aschach"]
[Date "1997.12.28"]
[Round "4"]
[White "Teske, Henrik"]
[Black "Stanec, Nikolaus"]
[Result "1/2-1/2"]
[WhiteElo "2515"]
[BlackElo "2465"]

1.d4 Nf6 2.Bg5 d5 3.Bxf6 exf6 4.e3 Bd6 5.c4 dxc4 6.Bxc4 O-O 7.Nc3 f5 8.Nf3 Nd7
9.O-O Nf6 10.Rc1 c6 11.Qb3 Qe7 12.Rfd1 Rb8 13.a3 Ne4 14.Qa2 Bd7 15.Ne5 Rbd8
16.f4 Be8 17.Nxe4 fxe4 18.b4  1/2-1/2

[Event "Reggio Emilia9798 40th"]
[Site "Reggio Emilia"]
[Date "1997.12.28"]
[Round "3"]
[White "Lputian, Smbat G"]
[Black "Tatai, Stefano"]
[Result "1/2-1/2"]
[WhiteElo "2585"]
[BlackElo "2385"]

1.d4 Nf6 2.Bg5 d5 3.e3 c5 4.Bxf6 gxf6 5.c4 cxd4 6.Qxd4 Be6 7.cxd5 Qxd5 8.Nc3 Qxd4
9.exd4 Nd7 10.Nf3 O-O-O 11.Be2 Nb6 12.O-O Kb8 13.Rfd1 Bh6 14.g3 a6 15.Ne4 Bd5
16.Nc5 Nd7 17.Na4 Bc6 18.Nc3 Nb6 19.Ne1 Rd6 20.Nc2 Rhd8 21.Nb4 Be8 22.Nc2 Bc6
23.Nb4 Be8 24.Nc2  1/2-1/2

[Event "Raiffeisen op-A 6th"]
[Site "Aschach"]
[Date "1997.12.30"]
[Round "6"]
[White "Grimm, Sven"]
[Black "Nickl, Klaus"]
[Result "0-1"]
[WhiteElo "2205"]
[BlackElo "2140"]

1.d4 Nf6 2.Bg5 c5 3.d5 d6 4.Bxf6 exf6 5.c4 Be7 6.Nc3 O-O 7.e3 Nd7 8.Bd3 Ne5
9.Bc2 f5 10.b3 Bf6 11.Nge2 Re8 12.O-O Qe7 13.Qd2 Ng4 14.h3 Bxc3 15.Nxc3 Nf6
16.Bd3 Ne4 17.Qc2 Bd7 18.Rae1 Qe5 19.Ne2 g6 20.Nf4 a6 21.Bxe4 fxe4 22.Qd2 Re7
23.Qa5 g5 24.Ne2 f5 25.Qc3 b5 26.Qxe5 Rxe5 27.Rb1 b4 28.a4 Rf8 29.g3 Be8
30.Kg2 Bh5 31.Ng1 Rf7 32.Rbc1 Rg7 33.Rb1 f4 34.g4 f3+ 35.Kg3 Be8 36.Rbd1 Rg6
37.Rc1 Rh6 38.Rcd1 Rh4 39.Rc1 Bd7 40.a5 Re7 41.Rcd1 h5 42.gxh5 Rh7  0-1

[Event "Ano Liosia op"]
[Site "Ano Liosia"]
[Date "1997.??.??"]
[Round "3"]
[White "Miladinovic, Igor"]
[Black "Mitrandzas, Athanasios"]
[Result "1-0"]
[WhiteElo "2510"]
[BlackElo "2210"]

1.d4 Nf6 2.Bg5 c5 3.Bxf6 gxf6 4.dxc5 Qa5+ 5.c3 Qxc5 6.Nd2 Nc6 7.Ngf3 Bh6
8.g3 f5 9.Bg2 d6 10.a4 f4 11.a5 a6 12.Qa4 Bd7 13.gxf4 Qh5 14.Nf1 Qg4 15.Ne3 Qxf4
16.Qxf4  1-0

[Event "Ano Liosia op"]
[Site "Ano Liosia"]
[Date "1997.??.??"]
[Round "5"]
[White "Papadopoulou, Triantafilia"]
[Black "Ignatiadis, Konstantinos"]
[Result "0-1"]
[WhiteElo "2100"]
[BlackElo "2175"]

1.d4 Nf6 2.Bg5 d5 3.Bxf6 gxf6 4.e3 c5 5.dxc5 e5 6.Nc3 Be6 7.Nf3 Bxc5 8.g3 Nc6
9.Bg2 Qd7 10.O-O O-O-O 11.a3 h5 12.b4 Be7 13.e4 d4 14.Nd5 h4 15.c4 Rdg8 16.Qa4 Kb8
17.c5 hxg3 18.fxg3 d3 19.Rf2 Bxd5 20.exd5 Qxd5 21.Rd1 e4 22.Ne1 Qd4 23.Nc2 dxc2
24.Qxc2 Qe3 25.Bxe4 Rd8 26.Bxc6 Rxd1+ 27.Qxd1 bxc6 28.Qd7 Rxh2 29.Kxh2 Qxf2+
30.Kh3 Qf1+ 31.Kh2 Qe2+ 32.Kg1 Qe6 33.Qd3 f5 34.a4 Bg5 35.b5 Qe3+ 36.Qxe3 Bxe3+
37.Kg2 cxb5 38.axb5 Bxc5  0-1

[Event "Ano Liosia op"]
[Site "Ano Liosia"]
[Date "1997.??.??"]
[Round "6"]
[White "Gocheva, Rumiana B"]
[Black "Tzoumbas, Anastasios"]
[Result "0-1"]
[WhiteElo "2215"]
[BlackElo "2365"]

1.d4 Nf6 2.Bg5 c5 3.Bxf6 gxf6 4.d5 Qb6 5.Qc1 f5 6.g3 h5 7.Nf3 Bh6 8.e3 d6
9.Bh3 Nd7 10.Bxf5 Ne5 11.Nxe5 Bxf5 12.Nc4 Qa6 13.Nbd2 b5 14.Na3 Qb7 15.c4 bxc4
16.Qxc4 Qxb2 17.Qb5+ Qxb5 18.Nxb5 Kd8 19.Nc3 Bg7 20.Rc1 Bd3 21.Nb3 Rb8 22.Kd2 c4
23.Rhd1 Kd7 24.h4 cxb3 25.Kxd3 b2 26.Rb1 Rhc8 27.Ne2 Rc5 28.e4 Ra5 29.Nd4 Rxa2
30.Nc6 Rb3+ 31.Kc4 Rf3 32.Nb4 Ra5 33.Nd3 Ra4+ 34.Kb5 Rxe4  0-1

[Event "BEL-chT 9798"]
[Site "Antwerp"]
[Date "1997.??.??"]
[Round "5"]
[White "Welling, Gerard"]
[Black "Schebler, Gerhard"]
[Result "0-1"]
[WhiteElo "2355"]
[BlackElo "2440"]

1.d4 Nf6 2.Bg5 d5 3.Bxf6 exf6 4.e3 c6 5.g3 h5 6.h4 g6 7.Bg2 Bh6 8.Ne2 Qe7
9.Nd2 Bg4 10.b3 Nd7 11.c4 Nb6 12.c5 Nd7 13.b4 O-O 14.Bf3 f5 15.Kf1 Nf6 16.Nc3 Rfe8
17.Kg2 Qd7 18.Re1 Re7 19.Ne2 Rae8 20.Nf4 Ne4 21.Nxe4 Rxe4 22.Qb3 Qe7 23.Rh1 Bxf3+
24.Kxf3 Rxd4  0-1

[Event "Arco di Trento op1"]
[Site "Arco di Trento"]
[Date "1997.??.??"]
[Round "3"]
[White "Gaborit, Jean Pierre"]
[Black "Tischbierek, Raj"]
[Result "0-1"]
[WhiteElo "2265"]
[BlackElo "2490"]

1.d4 Nf6 2.Bg5 g6 3.Bxf6 exf6 4.e3 Bg7 5.c4 f5 6.g3 c5 7.Ne2 d5 8.Bg2 dxc4
9.Qa4+ Nc6 10.Bxc6+ bxc6 11.Qxc6+ Bd7 12.Qa6 Rc8 13.Qxa7 Bc6 14.O-O O-O 15.Nbc3 Bf3
16.Nf4 Re8 17.Rfc1 g5 18.Ng2 f4 19.gxf4 gxf4 20.Nxf4 Qh4 21.Qd7 f5 22.Qxf5 Rf8
23.Qh3 Rxf4 24.Qxc8+ Rf8 25.Qe6+ Kh8 26.Ne4 Bxe4 27.f4 Rxf4  0-1

[Event "NZD-ch"]
[Site "Auckland"]
[Date "1997.??.??"]
[Round "3"]
[White "Ker, Anthony F"]
[Black "Martin, Benjamin"]
[Result "1/2-1/2"]
[WhiteElo "2315"]
[BlackElo "2375"]

1.d4 Nf6 2.Bg5 d5 3.e3 Nbd7 4.Nf3 c5 5.c3 e6 6.Bd3 Qb6 7.Qc2 Bd6 8.Nbd2 O-O
9.O-O Re8 10.Rad1 cxd4 11.exd4 Qc7 12.Rde1 b6 13.Bxf6 Nxf6 14.Ne5 a5 15.f4 Ba6
16.Rf3 Bxd3 17.Qxd3 b5 18.Rh3 b4 19.g4 bxc3 20.bxc3 g6 21.Qf3 Rab8 22.g5 Nh5
23.Nf1 f5 24.Qf2 Bxe5 25.Rxe5 Rb1 26.Rhe3 Reb8 27.Rxe6 Nxf4 28.R6e5 Nh5 29.Qf3 Qc4
30.Qxd5+ Qxd5 31.Rxd5 Nf4 32.Rd7 R1b2 33.Ree7 Nh3+ 34.Kh1 Nxg5 35.h4 Nf3
36.Rg7+ Kf8 37.Rxh7 Kg8 38.Rhg7+ Kh8 39.Rh7+ Kg8 40.Rdg7+ Kf8 41.Rf7+  1/2-1/2

[Event "AUT-chT2W 9798"]
[Site "Austria"]
[Date "1997.??.??"]
[Round "5"]
[White "Buttenhauserau, R."]
[Black "Mrsic, Robert"]
[Result "0-1"]
[WhiteElo "1735"]
[BlackElo "1960"]

1.d4 Nf6 2.Bg5 d5 3.Bxf6 exf6 4.e3 Nd7 5.c4 dxc4 6.Bxc4 Bd6 7.Nc3 O-O 8.Nge2 c6
9.Bd3 g6 10.Ng3 f5 11.Qd2 Re8 12.O-O Qh4 13.f4 Nf6 14.Rf3 Bc7 15.Nxf5 Bxf5
16.Bxf5 Nd5 17.g3 Qh5 18.g4 Qh4 19.Nxd5 cxd5 20.Bd7 Re7 21.g5 Rxd7 22.Qg2 h5
23.gxh6 Qxh6 24.f5 Re8 25.Re1 Re4 26.Kh1 Rh4 27.h3 Re7 28.fxg6 fxg6 29.Ref1 Rhe4
30.Rf6 Rg7 31.Rf8+ Kh7 32.R8f7 Re7 33.Rxg7+ Kxg7 34.Rf3 Rxe3 35.Rf1  0-1

[Event "AUT-chT9697"]
[Site "Austria"]
[Date "1997.??.??"]
[Round "7"]
[White "Moser, Guenter"]
[Black "Brestian, Egon"]
[Result "1/2-1/2"]
[WhiteElo "2340"]
[BlackElo "2455"]

1.d4 Nf6 2.Bg5 g6 3.Bxf6 exf6 4.e3 Bg7 5.Bd3 O-O 6.h4 d5 7.h5 c5 8.c3 Nc6
9.hxg6 hxg6 10.Nd2 c4 11.Be2 Re8 12.b3 Qa5 13.bxc4 Qxc3 14.Nf3 dxc4 15.O-O  1/2-1/2

[Event "AUT-chT9697"]
[Site "Austria"]
[Date "1997.??.??"]
[Round "8"]
[White "Schieder, Andreas"]
[Black "Schweda, Roland"]
[Result "0-1"]
[WhiteElo "2125"]
[BlackElo "2350"]

1.d4 Nf6 2.Bg5 g6 3.Nd2 Bg7 4.e3 d5 5.Bd3 Nbd7 6.f4 b6 7.Nh3 Bb7 8.Qf3 c5
9.c3 Qc8 10.O-O O-O 11.Kh1 Ba6 12.Nf2 Re8 13.Rg1 Bxd3 14.Nxd3 Qb7 15.Nf2 cxd4
16.exd4 b5 17.Bxf6 Bxf6 18.Nd3 e6 19.g4 Bg7 20.g5 a5 21.Rg3 b4 22.Rh3 Rec8
23.Rc1 Rc7 24.Nb3 bxc3 25.bxc3 a4 26.Nbc5 Nxc5 27.dxc5 Rb8 28.c4 d4 29.Qxb7 Rbxb7
30.Kg2 Bf8 31.Kf3 Bxc5 32.Nxc5 Rxc5 33.Ke4 Rb2 34.Kxd4 Rc8 35.Ra3 Rd8+ 36.Kc3 Rxh2
37.Rxa4 Rh3+ 38.Kb4 Rf3 39.Kb5 Rxf4 40.c5 Rb8+ 41.Ka5 Ra8+ 42.Kb6 Rfxa4  0-1

[Event "AUT-chT2S 9697"]
[Site "Austria"]
[Date "1997.??.??"]
[Round "9"]
[White "Senoner, Erich"]
[Black "Probat, Bernd"]
[Result "1/2-1/2"]
[WhiteElo "2155"]
[BlackElo "2035"]

1.d4 Nf6 2.Bg5 c5 3.Bxf6 exf6 4.dxc5 Bxc5 5.e3 d5 6.c3 Nc6 7.Nd2 O-O 8.Ngf3 f5
9.g3 Re8 10.Nb3 Bb6 11.Qd2 a5 12.Bg2 Be6 13.O-O Qf6 14.a4 g5 15.h4 h6 16.Nbd4 Rad8
17.Rfc1 Bc7 18.Nxc6 bxc6 19.Qd4 Qe7 20.b4 Rb8 21.hxg5 hxg5 22.Qc5 Qxc5 23.bxc5 f4
24.gxf4 gxf4 25.Nd4 fxe3 26.fxe3 Bd7 27.Kf2 Rb2+ 28.Rc2 Rxc2+ 29.Nxc2 Rb8
30.Nd4 Rb2+ 31.Kf3 Bd8 32.Rg1 Kf8 33.e4 dxe4+ 34.Kxe4 Be7 35.Bf3 Bxc5 36.Rg5 Bb6
37.Kd3 c5 38.Nc6 Be6 39.Bd5 Bxd5 40.Rxd5 Ra2 41.Kc4 Ke8 42.Kb5 Rb2+ 43.Ka6 c4
44.Rb5 Rxb5 45.Kxb5 Bc7 46.Kxc4 f5 47.Kd5 Kd7 48.c4 f4 49.Nd4 Bd6 50.c5 Bc7
51.c6+ Kc8 52.Kc5 Kb8 53.Kb5 Kc8 54.Ka6 Kb8 55.Nf3 Ka8 56.Nd4 Kb8 57.Kb5 Kc8
58.Kc4 Kb8 59.Kd5 Kc8 60.Nf3 Kd8 61.Ke6 Ke8 62.Ng5 Kd8 63.Kf7 Kc8  1/2-1/2

[Event "AUT-chT9697"]
[Site "Austria"]
[Date "1997.??.??"]
[Round "9"]
[White "Weiss, Christian"]
[Black "Steiner, Peter"]
[Result "1-0"]
[WhiteElo "2335"]
[BlackElo "2170"]

1.d4 Nf6 2.Bg5 g6 3.Nc3 Bg7 4.e4 d6 5.Qd2 h6 6.Bf4 c6 7.O-O-O Qa5 8.Kb1 b5
9.f3 b4 10.Nce2 Be6 11.Nc1 Qb6 12.Nge2 a5 13.Be3 Bc4 14.Nf4 Bb5 15.e5 Nd5
16.exd6 Bxf1 17.Nxd5 cxd5 18.Rhxf1 Qxd6 19.Bf4 Qb6 20.h4 Nc6 21.Be3 a4 22.f4 e6
23.g4 Ne7 24.h5 gxh5 25.f5 exf5 26.gxf5 Rc8 27.Nd3 b3 28.cxb3 axb3 29.axb3 O-O
30.Nc5 Rfe8 31.Qf2 Qf6 32.Rd2 Rc7 33.Qg3 Ra7 34.Rdf2 Kh7 35.Rg2 Rc8 36.Qxg7+ Qxg7
37.Rxg7+ Kxg7 38.f6+ Kh7 39.fxe7 Rxe7 40.Bf4 Re2 41.Be5 Rg8 42.Rxf7+ Kg6
43.Rf6+ Kg5 44.Rf1 Rc8 45.Ne6+ Kg4 46.Nf4 Re3 47.Rg1+ Kf5 48.Nxd5  1-0

[Event "AUT-chT2S 9697"]
[Site "Austria"]
[Date "1997.??.??"]
[Round "10"]
[White "Halsegger, Herbert"]
[Black "Kratschmer, Heinz"]
[Result "0-1"]
[WhiteElo "2105"]
[BlackElo "2200"]

1.d4 Nf6 2.Bg5 d5 3.Nf3 Nbd7 4.Nbd2 c5 5.e3 b6 6.Bb5 Bb7 7.c3 a6 8.Ba4 e6
9.Ne5 b5 10.Nxd7 Qxd7 11.Bc2 Be7 12.O-O O-O 13.dxc5 Qc6 14.b4 d4 15.f3 dxc3
16.Ne4 a5 17.Nxf6+ Bxf6 18.Qd3 Rfd8 19.Qxh7+ Kf8 20.Bxf6 gxf6 21.Be4 Qc7
22.Bxb7 Qxb7 23.Qh4 Ke7 24.a3 Rd2 25.bxa5 Qd5 26.Qe4 Rg8 27.g3 Qxc5 28.Qb4 Rc8
29.Rf2 Ke8 30.Qxc5 Rxc5 31.Kf1 Rb2 32.Ke1 Kd7 33.Rc1 Rb3 34.Ra2 Kc6 35.Rcc2 Kd5
36.Ke2 Kc4 37.h4 Rc8 38.h5 Ra8 39.h6 Rh8 40.e4 Kd4  0-1

[Event "AUT-chT9697"]
[Site "Austria"]
[Date "1997.??.??"]
[Round "11"]
[White "Schieder, Andreas"]
[Black "Pils, Walter"]
[Result "0-1"]
[WhiteElo "2170"]
[BlackElo "2345"]

1.d4 Nf6 2.Bg5 d5 3.Nd2 g6 4.e3 Bg7 5.Be2 c6 6.h4 h5 7.Bd3 Nbd7 8.Nh3 e5
9.c3 c5 10.Qc2 O-O 11.g4 hxg4 12.h5 gxh3 13.h6 e4 14.hxg7 Kxg7 15.Be2 cxd4
16.exd4 Rh8 17.O-O-O Nf8 18.f3 Bf5 19.fxe4 dxe4 20.Nxe4 N8h7 21.Bd3 Nxg5
22.Nxg5 Ng4 23.Nxf7 Kxf7 24.Qb3+ Kg7 25.Qxb7+ Qd7 26.Qf3 Rhf8 27.Qg3 Bxd3
28.Rxd3 Qf5 29.Rxh3 Nf2 30.Rf3  0-1

[Event "Wch Seniors"]
[Site "Bad Wildbad"]
[Date "1997.??.??"]
[Round "2"]
[White "Reichenbach, Werner"]
[Black "Fischer, Ernst"]
[Result "1-0"]
[WhiteElo "2255"]
[BlackElo "1968"]

1.d4 Nf6 2.Bg5 c5 3.d5 e5 4.Nc3 d6 5.e4 Be7 6.Be3 Ng4 7.Bb5+ Kf8 8.Bd2 Bg5
9.Nf3 Bxd2+ 10.Qxd2 h5 11.Bd3 Nd7 12.h3 Ngf6 13.g3 a6 14.a4 b6 15.b3 Ke8
16.Qe2 g6 17.Nd2 Qe7 18.h4 Kd8 19.Nc4 Kc7 20.f3 Nf8 21.Qe3 N6d7 22.Kd2 Rb8
23.Rhb1 f6 24.f4 g5 25.f5 g4 26.Be2 Kd8 27.Ra2 Ke8 28.b4 Kf7 29.bxc5 bxc5
30.Rab2 Rxb2 31.Rxb2 Kg7 32.Nd1 Nh7 33.Qc3 Re8 34.Qa5  1-0

[Event "Bad Zwesten op"]
[Site "Bad Zwesten"]
[Date "1997.??.??"]
[Round "2"]
[White "Legky, Nikolay A"]
[Black "Hawellek, Jeronimo"]
[Result "1-0"]
[WhiteElo "2535"]
[BlackElo "2205"]

1.d4 Nf6 2.Bg5 d5 3.e3 e6 4.c4 dxc4 5.Bxc4 c5 6.Nc3 Nc6 7.Nf3 cxd4 8.exd4 Be7
9.O-O O-O 10.a3 a6 11.Qd3 Qd6 12.Rad1 b5 13.Ba2 Rd8 14.Rfe1 Bb7 15.d5 exd5
16.Nxd5 Nxd5 17.Bxd5  1-0

[Event "Bad Zwesten op"]
[Site "Bad Zwesten"]
[Date "1997.??.??"]
[Round "4"]
[White "Dobosz, Henryk"]
[Black "Forgacs, Attila"]
[Result "1/2-1/2"]
[WhiteElo "2385"]
[BlackElo "2195"]

1.d4 Nf6 2.Bg5 g6 3.c4 Bg7 4.Nc3 c5 5.d5 d6 6.e4 h6 7.Bh4 O-O 8.Bd3 Qa5 9.Ne2 a6
10.a4 g5 11.Bg3 Nbd7 12.h4 g4 13.h5 Nh7 14.f4 gxf3 15.gxf3 Ne5 16.f4 Nf3+
17.Kf2 Bg4 18.Bh4 Nxh4 19.Rxh4 Bd4+ 20.Kg3 Bd7 21.Nxd4 cxd4 22.Ne2 Kh8 23.Nxd4 Rg8+
24.Kf3 Qb6 25.Bc2 Nf6 26.Qd3 Rg7 27.a5 Qc7 28.Ne2 Rag8 29.f5 Ng4 30.Rxg4 Rxg4
31.b4 Qd8 32.Qd4+ f6 33.Nf4 Rxf4+ 34.Kxf4 Qe8 35.Bd1 Qf7 36.Bg4 Qg7 37.Rg1 Be8
38.c5 Qg5+ 39.Kf3 Bxh5 40.Bxh5 Qxh5+ 41.Kf2 Qh2+ 42.Kf1 Qf4+ 43.Ke2 Rxg1
44.Qxg1 Qxe4+ 45.Qe3 Qg4+ 46.Kd3 Qxf5+ 47.Qe4 Qf1+ 48.Qe2 Qb1+ 49.Qc2 Qxb4
50.c6 Qb5+ 51.Qc4 bxc6 52.dxc6 Qf5+ 53.Qe4 Qxa5 54.Qxe7 Qd5+ 55.Ke2 Qc4+
56.Kd2 Qd4+ 57.Ke2 Qc4+ 58.Kd2 Qd5+ 59.Ke2 Qg2+ 60.Kd3 Qf3+ 61.Kd2  1/2-1/2

[Event "Oberliga Bayern9798"]
[Site "Bayern"]
[Date "1997.??.??"]
[Round "?"]
[White "Bischof, Robert"]
[Black "Hochreiter, Josef"]
[Result "1/2-1/2"]
[WhiteElo "2005"]
[BlackElo "2155"]

1.d4 Nf6 2.Bg5 g6 3.Bxf6 exf6 4.e3 Bg7 5.c4 O-O 6.Nc3 d6 7.g3 f5 8.Bg2 c5
9.Nge2 Nc6 10.Bxc6 bxc6 11.dxc5 dxc5 12.Qxd8 Rxd8 13.Rd1 Be6 14.b3 Rxd1+
15.Kxd1 a5 16.Na4 Bf8 17.Nf4 g5 18.Nd3 f4 19.e4 Bg4+ 20.Kc2 Re8 21.Re1 f5
22.e5 fxg3 23.hxg3 h5 24.Naxc5 h4 25.Nd7 Be7 26.gxh4 gxh4 27.Rh1 Bf3 28.Rh3 Bg4
29.Rh2 Kf7 30.f4 Rh8 31.e6+ Kxe6 32.N7e5 h3 33.Ng6 Rh6 34.Nxe7 Kxe7 35.a3 Re6
36.Ne5 Kf6 37.b4 axb4 38.axb4 Rd6 39.Nd3 Rd4 40.Kc3 Re4 41.b5 cxb5 42.cxb5 Ke7
43.b6 Kd6 44.b7 Re8 45.Kd4 Kc7 46.Rb2 Bf3 47.Nc5 Bg2 48.Na6+ Kd6 49.b8=Q+ Rxb8
50.Rxb8 h2 51.Rd8+ Ke7 52.Rh8 h1=Q 53.Rxh1 Bxh1 54.Ke5 Be4 55.Nc5 Bb1 56.Ne6 Kf7
57.Nd4 Kg6  1/2-1/2

[Event "Regionalliga SO9798"]
[Site "Bayern"]
[Date "1997.??.??"]
[Round "?"]
[White "Poellner, Ludwig"]
[Black "Kunze, Holger"]
[Result "1/2-1/2"]
[WhiteElo "2090"]
[BlackElo "2090"]

1.d4 Nf6 2.Bg5 g6 3.Bxf6 exf6 4.g3 Bg7 5.Bg2 d5 6.c4 dxc4 7.Qa4+ c6 8.Qxc4 Be6
9.Qb4 Qb6 10.Qd2 O-O 11.Nc3 Nd7 12.e3 Rad8 13.Nge2 Rfe8 14.O-O Bc4 15.Rfc1 Bxe2
16.Qxe2 f5 17.Qc2 Nf6 18.Rab1 Bh6 19.Rd1 Qc7 20.b4 Ng4 21.Rd3 Bg5 22.b5 cxb5
23.Rxb5 b6 24.Rb2 f4 25.Ne4 Qxc2 26.Rxc2 fxe3 27.f3 Nf6 28.h4 Nxe4 29.fxe4 Bf6
30.d5 Rc8 31.Re2 Rc3 32.Rd1 Be5 33.Kh2 Kf8 34.d6 Rd8 35.d7 Ke7 36.Rd5 f6
37.Bh3 h6 38.Kg2 Bd6 39.Kf3 Bc5 40.h5 g5 41.e5 fxe5 42.Rxe5+ Kf7 43.Ke4 Rc4+
44.Kf3 Rc3 45.Ke4 Rc4+ 46.Kf3 Rc3  1/2-1/2

[Event "Landesliga Nord9798"]
[Site "Bayern"]
[Date "1997.??.??"]
[Round "?"]
[White "Meulner, Klaus"]
[Black "Reinhart, Harald"]
[Result "0-1"]
[WhiteElo "2140"]
[BlackElo "2190"]

1.d4 Nf6 2.Bg5 d5 3.Bxf6 exf6 4.e3 c6 5.Bd3 Qb6 6.b3 Bd6 7.Qf3 Be6 8.Ne2 Na6
9.c3 Qd8 10.Nd2 Nc7 11.Nf4 g6 12.g4 Qe7 13.a4 Rc8 14.b4 b6 15.Ke2 Kf8 16.h4 h5
17.gxh5 Bxf4 18.Qxf4 Rxh5 19.a5 Nb5 20.Bxb5 cxb5 21.axb6 axb6 22.Ra6 Rxc3
23.Rxb6 Kg7 24.Rxb5 Bf5 25.e4 dxe4 26.Rc5 Ra3 27.Rg1 e3 28.fxe3 Rxh4 29.Qf2 Rxd4
30.Qxf5 Qxe3+  0-1

[Event "Regionalliga NW9697"]
[Site "Bayern"]
[Date "1997.??.??"]
[Round "?"]
[White "Cech, Pavel"]
[Black "Solomunovic, Igor"]
[Result "1-0"]
[WhiteElo "2325"]
[BlackElo "2350"]

1.d4 Nf6 2.Bg5 d5 3.Bxf6 exf6 4.e3 Bd6 5.Bd3 O-O 6.Ne2 c6 7.Nd2 f5 8.O-O g6
9.c4 dxc4 10.Nxc4 Bc7 11.Nc3 Nd7 12.Be2 Nf6 13.Bf3 Be6 14.Qd3 Qe7 15.a3 Rad8
16.b4 h5 17.b5 cxb5 18.Nxb5 Bb8 19.Nd2 Ng4 20.h3 Ne5 21.Qe2 Nxf3+ 22.Nxf3 Rc8
23.Qb2 Bd5 24.Ne5 Qg5 25.f4 Qg3 26.Nf3 Bc4 27.Rf2 Rfe8 28.Re1 Bd5 29.Ree2 Re6
30.Nc3 Bc4 31.Re1 Rce8 32.Qd2 Bd6 33.Ne5 Ba6 34.Nd5 Qh4 35.Nb4 Bb5 36.Nf3 Qd8
37.Ng5 Bxb4 38.axb4 R6e7 39.Nf3 Qd5 40.Ne5 Kg7 41.Qc3 f6 42.Nf3 Bc6 43.Rc2 Qd6
44.Nd2 Qd5 45.Nf1 Bb5 46.Qc5 Qxc5 47.bxc5 Bxf1 48.Kxf1 Rxe3 49.Rxe3 Rxe3
50.d5 Rd3 51.c6 bxc6 52.dxc6 Rd8 53.Ra2 Rc8 54.Rxa7+ Kf8 55.c7 Ke7 56.Kf2 Kd7
57.Ra6 Rxc7 58.Rxf6 Rc6 59.Rxc6 Kxc6 60.Kg3 Kd6 61.Kh4 Ke6 62.Kg5 Kf7 63.Kh6 Kf6
64.h4 Kf7 65.Kh7 Kf6 66.Kg8  1-0

[Event "Regionalliga SO9697"]
[Site "Bayern"]
[Date "1997.??.??"]
[Round "?"]
[White "Heiduczek, Josef"]
[Black "Heyne, Martin"]
[Result "1-0"]
[WhiteElo "2025"]
[BlackElo "1860"]

1.d4 Nf6 2.Bg5 g6 3.Bxf6 exf6 4.c4 Bg7 5.e3 O-O 6.Bd3 f5 7.Ne2 d6 8.Nbc3 Nd7
9.O-O Nf6 10.b4 Re8 11.Qc2 c6 12.Rab1 Qe7 13.b5 Ne4 14.bxc6 bxc6 15.Ng3 Nxc3
16.Qxc3 f4 17.exf4 c5 18.Be4 cxd4 19.Qf3  1-0

[Event "Regionalliga NW9697"]
[Site "Bayern"]
[Date "1997.??.??"]
[Round "?"]
[White "Cech, Pavel"]
[Black "Wolf, Richard"]
[Result "1/2-1/2"]
[WhiteElo "2320"]
[BlackElo "2220"]

1.d4 Nf6 2.Bg5 g6 3.Bxf6 exf6 4.e3 Bg7 5.Ne2 f5 6.g3 c5 7.Nbc3 Nc6 8.Bg2 cxd4
9.exd4 O-O 10.Nd5 d6 11.O-O Be6 12.c3 Re8 13.Nef4 Bd7 14.Qd3 Rc8 15.b4 b5
16.a4 bxa4 17.b5 Ne5 18.dxe5 dxe5 19.Nh3 e4 20.Qe2 Rc5 21.c4 Bxb5 22.cxb5 Bxa1
23.Rxa1 Qxd5 24.Rxa4 Rxb5 25.Nf4 Rb1+ 26.Bf1 Qb7 27.Qa6 Qxa6 28.Rxa6 Re7
29.Nd5 Reb7 30.Kg2 Kg7 31.Bc4 Rc1 32.Ne3 Rcb1 33.Bd5 Rc7 34.Bc4 Rb6 35.Ra2 Rb4
36.Bd5 Rd4 37.Ra6 Rd2 38.Bb3 Rc3 39.Nf1 Rb2 40.Bd1 Rc1 41.Ne3 Rc3 42.Kf1 Rc7
43.h4 Rd7 44.Ke1 Rc7 45.Nd5 Rc5 46.Ne3 Rc7 47.Nd5  1/2-1/2

[Event "Oberliga Bayern9798"]
[Site "Bayern"]
[Date "1997.??.??"]
[Round "?"]
[White "Pflug, Matthias"]
[Black "Aulinger, Reimund"]
[Result "0-1"]
[WhiteElo "2080"]
[BlackElo "2125"]

1.d4 Nf6 2.Bg5 g6 3.Bxf6 exf6 4.e4 Bg7 5.Nc3 O-O 6.Bd3 d6 7.Nge2 Nc6 8.d5 Ne5
9.Ng3 f5 10.exf5 Nxd3+ 11.Qxd3 Re8+ 12.Kf1 Qf6 13.fxg6 hxg6 14.f3 Bd7 15.h4 Qf4
16.Nge2 Qb4 17.g4 Qb6 18.Kg2 Re3 19.Qd2 Rae8 20.Rab1 Qb4 21.Kf2 Rxe2+ 22.Qxe2 Qc5+
23.Kg3 Rxe2 24.Nxe2 Be5+ 25.Kg2 Qxc2 26.Rhe1 Bb5 27.Rbc1 Qxb2 28.Rb1 Qd2
29.Kf1 Bg3  0-1

[Event "Oberliga Bayern9798"]
[Site "Bayern"]
[Date "1997.??.??"]
[Round "?"]
[White "Pflug, Matthias"]
[Black "Kunz, Konstantin"]
[Result "1-0"]
[WhiteElo "2080"]
[BlackElo "2220"]

1.d4 Nf6 2.Bg5 d5 3.Bxf6 gxf6 4.c4 c6 5.e3 Bf5 6.Nc3 e6 7.Rc1 dxc4 8.Bxc4 Nd7
9.h4 Nb6 10.Bb3 Bb4 11.Ne2 Rg8 12.Ng3 Bg4 13.f3 Bd6 14.Nf1 f5 15.fxg4 Rxg4
16.Qf3 Rxh4 17.Rxh4 Qxh4+ 18.g3 Qg5 19.Rc2 O-O-O 20.Kf2 Kb8 21.e4 c5 22.dxc5 Bxc5+
23.Kg2 Bd6 24.exf5 exf5 25.Rd2 h5 26.Nb5 Bc7 27.Rxd8+ Bxd8 28.Qf4+ Qxf4 29.gxf4 Bf6
30.Nc3 a5 31.Bxf7 h4 32.Ne3 a4 33.a3 Kc7 34.Ned5+ Nxd5 35.Nxd5+ Kd6 36.Nxf6 Ke7
37.Be8  1-0

[Event "Oberliga Bayern9697"]
[Site "Bayern"]
[Date "1997.??.??"]
[Round "?"]
[White "Zlochevskij, Alexander"]
[Black "Wach, Markus"]
[Result "0-1"]
[WhiteElo "2415"]
[BlackElo "2390"]

1.d4 d5 2.Bg5 Nf6 3.Bxf6 gxf6 4.e3 c6 5.c4 Bf5 6.Nc3 e6 7.Nge2 Qb6 8.Qd2 dxc4
9.Ng3 Bg6 10.Bxc4 Nd7 11.a3 h5 12.h4 Rd8 13.f4 Qc7 14.Qf2 f5 15.Nge2 Nf6
16.Ng1 b5 17.Be2 b4 18.axb4 Bxb4 19.Bf3 c5 20.Ne2 cxd4 21.exd4 Ng4 22.Bxg4 fxg4
23.O-O O-O 24.Qe3 a5 25.Rad1 Qe7 26.g3 Qb7 27.Nc1 Rc8 28.Rf2 Rfd8 29.Kh2 Bxc3
30.bxc3 Qe4 31.Re1 Qxe3 32.Rxe3 a4 33.Ra2 Rc4 34.Ra3 Rb8 35.Re2 Rb1 36.Na2 Rb3
37.Rxb3 axb3 38.Nb4 Rxc3 39.Rb2 Kg7 40.d5 exd5  0-1

[Event "BEL-chT9697"]
[Site "BEL"]
[Date "1997.??.??"]
[Round "2"]
[White "Van Houtte, Thierry"]
[Black "Meulders, Richard"]
[Result "0-1"]
[WhiteElo "2215"]
[BlackElo "2265"]

1.d4 Nf6 2.Bg5 d5 3.Bxf6 exf6 4.e3 Bd6 5.g3 h5 6.h4 Bg4 7.Qd3 c6 8.Bg2 Na6
9.a3 Qd7 10.Nd2 O-O 11.Ne2 Rfe8 12.c4 dxc4 13.Nxc4 Bc7 14.b4 Rad8 15.Ra2 c5
16.Bxb7 cxb4 17.Bxa6 Qc6 18.Rg1 Qxa6 19.Ne5 Qe6 20.Nc4 bxa3 21.Rxa3 Bf5 22.Qc3 Rc8
23.Ra4 Bb8 24.Qb3 Qd7 25.Na3 Be4 26.Rb4 Bd6 27.Ra4 Rb8 28.Qc4 Rec8 29.Qa6 Bxa3
30.f3 Bd3 31.Rxa3 Bxa6  0-1

[Event "Belfort"]
[Site "Belfort"]
[Date "1997.??.??"]
[Round "8"]
[White "Kosten, Anthony C"]
[Black "Rozentalis, Eduardas"]
[Result "1-0"]
[WhiteElo "2530"]
[BlackElo "2645"]

1.d4 Nf6 2.Bg5 g6 3.Bxf6 exf6 4.g3 Bg7 5.Bg2 O-O 6.c4 f5 7.Nc3 c5 8.dxc5 Na6
9.Rc1 Nxc5 10.e3 Qb6 11.b3 Qa5 12.Qd2 f4 13.gxf4 d5 14.Bxd5 Bf5 15.e4 Rfe8
16.Nge2 Bg4 17.Ng3 Bf3 18.O-O Rad8 19.Qe3 Bg4 20.e5 Be6 21.Rfd1 f6 22.b4 Qxb4
23.Nge4 Nd7 24.exf6 Bf8 25.Bxe6+ Rxe6 26.Qh3  1-0

[Event "Benasque op"]
[Site "Benasque"]
[Date "1997.??.??"]
[Round "5"]
[White "Hernandez, Yadira"]
[Black "Martin Gonzalez, Angel"]
[Result "1/2-1/2"]
[WhiteElo "2200"]
[BlackElo "2420"]

1.d4 Nf6 2.Bg5 c5 3.Bxf6 gxf6 4.d5 Qb6 5.Qc1 f5 6.g3 Bg7 7.c3 d6 8.Nd2 O-O
9.Bg2 Nd7 10.Qc2 Nf6 11.Nh3 Qc7 12.O-O Bd7 13.Rad1 b5 14.Nf4 Rab8 15.e4 Qc8
16.Rfe1 Re8 17.Bh3 fxe4 18.Bxd7 Qxd7 19.Nxe4 c4 20.Nxf6+ Bxf6 21.Nh5 Be5
22.f4 Bh8 23.f5 b4 24.Qe4 bxc3 25.Qg4+ Kf8 26.Qg5 c2 27.Qh6+ Kg8 28.Qg5+ Kf8
29.Qh6+ Kg8 30.Qg5+ Kf8  1/2-1/2